000 01737cam a2200349 a 4500
001 EDZ0000996582
003 StDuBDS
005 20161031105258.0
006 m||||||||d||||||||
007 cr |||||||||||
008 141202s2010 caua fo| 001|0|eng|d
020 _a9781483387116 (ebook) :
_cNo price
040 _aStDuBDS
_beng
_cStDuBDS
_epn
049 _aAlfaisal Main Library
050 0 _aQA11.2
_b.R635 2010
082 0 4 _a510.712
_223
100 1 _aRoddick, Cheryl D.
245 1 0 _aSucceeding at teaching secondary mathematics
_h[electronic resource] :
_byour first year /
_cCheryl D. Roddick, Julie Sliva Spitzer.
260 _aThousand Oaks, Calif. :
_bCorwin,
_c2010.
300 _a1 online resource (ix, 124 p.) :
_bill.
504 _aIncludes bibliographical references and index.
520 8 _aIn today's world of increased accountability, teaching mathematics offers more challenges than ever before. This resource helps beginning teachers get off to a great start by providing information on everything from assessment to standards-based teaching to student engagement strategies. The authors focus on NCTM content and process standards and offer guidelines for instructing and assessing English language learners, students with special needs, and gifted students.
521 _aSpecialized.
588 _aDescription based on print version record.
650 0 _aMathematics
_xStudy and teaching (Secondary)
655 7 _aElectronic books.
_2local
700 1 _aSpitzer, Julie Sliva.
710 2 _aSage eBooks
776 0 8 _iPrint version :
_z9781412927635
856 4 0 _uhttp://ezproxy.alfaisal.edu/login?url=http://sk.sagepub.com/books/succeeding-at-teaching-secondary-mathematics
942 _2lcc
_cEBOOKS
999 _c483343
_d483343